000 00374nam a2200145Ia 4500
005 20250729165728.0
008 250729s2011 xx 000 0 und d
041 _aeng
082 _a930.7 MAHI
100 _aDr.mahesh Vikram Singh
_9231577
245 _aIndus Valley Civilization
260 _aNewdelhi
_bCentrum Press
_c2011
300 _a288p
650 _aHistory
_9231578
999 _c239351
_d239351